What routes terminate at ___? (Express edition) - Statistics

General Stats
  • This quiz has been taken 28 times
  • The average score is 23 of 24
Answer Stats
Terminus How many routes? Route Code Where can you go? % Correct
Stepford Central 8 Routes R075 Benton
100%
Stepford Central 8 Routes R079 Benton
100%
Llyn-By-The-Sea 8 Routes R085 Benton
100%
Stepford Central 8 Routes R076 Leighton City
100%
Newry 2 Routes R086 Leighton City
100%
Stepford Central 8 Routes R077 Llyn-By-The-Sea
100%
Stepford Central 8 Routes R078 Llyn-By-The-Sea
100%
Stepford Central 8 Routes R080 Llyn-By-The-Sea
100%
Stepford Central 8 Routes R081 Llyn-By-The-Sea
100%
Benton 3 Routes R085 Llyn-By-The-Sea
100%
Newry 2 Routes R083 Llyn-By-The-Sea
100%
Newry Harbour 1 Route R084 Llyn-By-The-Sea
100%
Leighton City 2 Routes R086 Newry
95%
Llyn-By-The-Sea 7 Routes R083 Newry
95%
Benton 3 Routes R075 Stepford Central
95%
Benton 3 Routes R079 Stepford Central
95%
Leighton City 2 Routes R076 Stepford Central
95%
Westwyvern 1 Route R082 Stepford Central
95%
Llyn-By-The-Sea 7 Routes R077 Stepford Central
95%
Llyn-By-The-Sea 7 Routes R078 Stepford Central
95%
Llyn-By-The-Sea 7 Routes R080 Stepford Central
95%
Llyn-By-The-Sea 7 Routes R081 Stepford Central
95%
Stepford Central 8 Routes R082 Westwyvern
95%
Llyn-By-The-Sea 7 Routes R084 Newry Harbour
84%
No matching quizzes found
Score Distribution
Percent of People with Each Score
Percentile by Number Answered
Your Score History
You have not taken this quiz